Personnages de la série Urgences - Statistiques

Statistiques générales
  • Ce quiz a été pris 7 fois
  • Le résultat moyen est 14 sur 40
Statistiques - réponses
Par images Réponse % Correct
Doug Ross
86%
Abby Lockhart
71%
Carol Hathaway
71%
John Carter
71%
Luka Kovač
57%
Mark Greene
57%
Anna Del Amico
43%
Cleo Finch
43%
Dave Malucci
43%
David Morgenstern
43%
Elizabeth Corday
43%
Greg Pratt
43%
Jeanie Boulet
43%
Kerry Weaver
43%
Lucy Knight
43%
Neela Rasgotra
43%
Peter Benton
43%
Susan Lewis
43%
Archie Morris
29%
Connie Oligario
29%
Don Anspaugh
29%
Ethel "Chuny" Marquez
29%
Jing-Mei "Deb" Chen
29%
Lydia Wright
29%
Maggie Doyle
29%
Michael Gallant
29%
Ray Barnett
29%
Robert "Rocket" Romano
29%
Sam Taggart
29%
Shirley Adams (Haleh Adams)
29%
Tony Gates
29%
Yosh Takata
29%
Catherine Banfield
14%
Frank Martin
14%
Jerry Markovic
14%
Lily Jarvik
14%
Lucien Dubenko
14%
Malik McGrath
14%
Randi Fronczak
14%
Simon Brenner
14%
Aucun quiz correspondant
Distribution des résultats
% des personnes avec chaque résultat
Percentile par nombre de réponses
Votre historique - résultats
Vous n’avez pas pris ce quiz